000 01214nam a2200229Ia 4500
003 Ost
005 20260507075128.0
008 260507s9999||||xx |||||||||||||| ||und||
020 _a6040829953
040 _cfsecg
041 _aara
082 _a330
100 _aالإمام، محمد محمود
_eمؤلف
245 0 _aمنطقة التجارة الحرة العربية :
_bالتحديات وضرورات التحقيق /
_c محمد محمود الإمام
260 _aبيروت:
_bمركز دراسات الوحدة العربية,
_c2005
300 _a338 صفحة؛
_bإيضاحات ؛
_c25 سم
520 _aالأسس النظرية للتكامل التجاري الدولي- التجارة الخارجية العربية معالمها وتطورها- أبعاد منطقة التجارة الحرة العربية الكبرى ومغزاها بالنسبة الى التجارة العربية البينية والخارجية.
653 _aالبلدان العربية- التجارة الخارجية
653 _aالتجارة الحرة- مناطق التجارة الحرة
653 _aالتكامل الإقتصادي- البلدان العربية
942 _cكتاب
999 _c43184
_d43184